| 000 | 01453nam0a22002891 4500 | ||
|---|---|---|---|
| 001 | rc\803862 | ||
| 005 | 20041129090848.3 | ||
| 035 | _a(NLR Aleph) 005987929 | ||
| 090 |
_a7097226 _c7097226 |
||
| 100 | _a20041129d1984 u |0rusy50 ca | ||
| 101 | 0 | _arus | |
| 102 | _aRU | ||
| 105 | _ay ||||||||| | ||
| 200 | 1 |
_aПотребление основного сырья и топливно-энергетических ресурсов в нефтяном эквиваленте для производства синтетических волокон _f[Сост. Г.М. Легостаева, А.А. Федоренков] |
|
| 210 |
_aМ. _cНИИТЭхим _d1984 |
||
| 215 |
_a24 с. _d20 |
||
| 225 | 1 |
_aХимическая промышленность _eОбзор. информ. _fМ-во хим. пром-сти, НИИ техн.-экон. исслед. _iСерия "Синтетические волокна" |
|
| 300 | _aСост. указаны в вып. дан. | ||
| 320 | _aБиблиогр.: с. 23-24 (11 назв.) | ||
| 700 | 1 |
_aЛегостаев _bГ. М. _gГалина Михайловна |
|
| 701 | 1 |
_aФедоренков _bА. А. _gАнатолий Алексеевич |
|
| 712 | 0 | 2 |
_aНИИ техн.-экон. исследований М-ва хим. промышленности СССР _3RU\NLR\AUTH\8813349 |
| 801 | 0 |
_aRU _bNLR _gpsbo |
|
| 801 | 1 |
_aRU _bELAR _2rusmarc |
|
| 852 |
_aNLR _j84-4/29580 |
||
| 942 | _cBOOK | ||
| 980 | _aNB | ||